Welcome to CU Library Online Public Access Catalogue (OPAC)

Christ-centered therapy : (Record no. 5315)

MARC details
000 -LEADER
fixed length control field 01170cam a22002774a 4500
001 - CONTROL NUMBER
control field 11966150
005 - DATE AND TIME OF LATEST TRANSACTION
control field 20250328183620.0
008 - FIXED-LENGTH DATA ELEMENTS--GENERAL INFORMATION
fixed length control field 000406s2000 miua b 001 0 eng
020 ## - INTERNATIONAL STANDARD BOOK NUMBER
International Standard Book Number 0310231132
020 ## - INTERNATIONAL STANDARD BOOK NUMBER
International Standard Book Number 9780310231134
020 ## - INTERNATIONAL STANDARD BOOK NUMBER
Canceled/invalid ISBN 9780310861331
Qualifying information ebook
050 00 - LIBRARY OF CONGRESS CALL NUMBER
Classification number BR115.C69
Item number A53 2000
082 00 - DEWEY DECIMAL CLASSIFICATION NUMBER
Classification number 261.5/15
Edition information 21
100 1# - MAIN ENTRY--PERSONAL NAME
Personal name Anderson, Neil T.,
Dates associated with a name 1942-
245 10 - TITLE STATEMENT
Title Christ-centered therapy :
Remainder of title the practical integration of theology and psychology /
Statement of responsibility, etc. Neil T. Anderson, Terry E. Zuehlke, Julianne S. Zuehlke.
260 ## - PUBLICATION, DISTRIBUTION, ETC.
Place of publication, distribution, etc. Grand Rapids, Mich. :
Name of publisher, distributor, etc. Zondervan Pub. House,
Date of publication, distribution, etc. c2000.
300 ## - PHYSICAL DESCRIPTION
Extent 431 p. :
Other physical details ill. ;
Dimensions 25 cm.
650 #0 - SUBJECT ADDED ENTRY--TOPICAL TERM
Topical term or geographic name entry element Counseling
General subdivision Religious aspects
-- Christianity.
650 #0 - SUBJECT ADDED ENTRY--TOPICAL TERM
Topical term or geographic name entry element Psychotherapy
General subdivision Religious aspects
-- Christianity.
700 1# - ADDED ENTRY--PERSONAL NAME
Personal name Zuehlke, Terry
Fuller form of name (Terry E.),
Dates associated with a name 1946-
700 1# - ADDED ENTRY--PERSONAL NAME
Personal name Zuehlke, Julianne
Fuller form of name (Julianne S.)
856 42 - ELECTRONIC LOCATION AND ACCESS
Materials specified Publisher description
Uniform Resource Identifier <a href="http://www.loc.gov/catdir/enhancements/fy0633/00039263-d.html">http://www.loc.gov/catdir/enhancements/fy0633/00039263-d.html</a>
856 41 - ELECTRONIC LOCATION AND ACCESS
Materials specified Table of contents only
Uniform Resource Identifier <a href="http://www.loc.gov/catdir/enhancements/fy0633/00039263-t.html">http://www.loc.gov/catdir/enhancements/fy0633/00039263-t.html</a>
856 41 - ELECTRONIC LOCATION AND ACCESS
Materials specified Sample text
Uniform Resource Identifier <a href="http://www.loc.gov/catdir/enhancements/fy0642/00039263-s.html">http://www.loc.gov/catdir/enhancements/fy0642/00039263-s.html</a>
942 ## - ADDED ENTRY ELEMENTS (KOHA)
Source of classification or shelving scheme Library of Congress Classification
Koha item type Books
Suppress in OPAC No
999 ## -
-- 5315
-- 5315
Holdings
Withdrawn status Lost status Source of classification or shelving scheme Damaged status Not for loan Collection Home library Current library Shelving location Date acquired Total checkouts Full call number Barcode Date last seen Copy number Price effective from Koha item type
    Library of Congress Classification     Non-fiction Business Library (Miotso) Business Library (Miotso) General stacks 03/28/2025   BR115.C69 A53 2000 BSSM00001677 03/28/2025 1 03/28/2025 Books
© 2023-2024 Copyright: Central University Libraries. All Rights Reserved | Created by: Mahone Tech Office